[Event "ESP-ch Seniors 50"]
[Site "Altea"]
[Date "2021.11.03"]
[Round "5"]
[White "Cano Gimenez, Vicente"]
[Black "Carrera Perez, Francisco"]
[Result "1/2-1/2"]
[WhiteElo "2191"]
[BlackElo "2239"]
[PlyCount "64"]
[EventDate "2021.10.31"]
[EventType "swiss"]
[EventRounds "9"]
[EventCountry "ESP"]
[SourceTitle "CBM 205 Extra"]
[Source "ChessBase"]
[SourceDate "2022.01.31"]
[SourceVersion "1"]
[SourceVersionDate "2022.01.31"]
[SourceQuality "1"]

1. Nf3 e6 2. g3 f5 3. Bg2 Nf6 4. c4 d5 5. 0-0 Bd6 6. Nc3 0-0 7. d3 dxc4 8. dxc4 Nc6 9. Nb5 e5 10. Nxd6 cxd6 11. b3 Qc7 12. Bb2 h6 13. Nd2 Be6 14. Nb1 Rad8 15. Nc3 Qf7 16. Ba3 f4 17. Nd5 Qh5 18. Nxf6+ Rxf6 19. Bb2 Bg4 20. Bf3 Rdf8 21. Bxg4 Qxg4 22. Kg2 h5 23. f3 Qg5 24. Qd2 Ne7 25. Kh1 Rg6 26. Rg1 fxg3 27. Qxg5 Rxg5 28. Rxg3 Rxg3 29. hxg3 Kf7 30. c5 dxc5 31. Bxe5 Nf5 32. e4 Re8 1/2-1/2

[Event "La Nucia Blitz op"]
[Site "La Nucia"]
[Date "2020.10.31"]
[Round "3"]
[White "Larino Nieto, David"]
[Black "Cano Gimenez, Vicente"]
[Result "1-0"]
[WhiteElo "2523"]
[BlackElo "2285"]
[PlyCount "91"]
[EventDate "2020.10.31"]
[EventType "swiss (blitz)"]
[EventRounds "8"]
[EventCountry "ESP"]
[SourceTitle "EXT 2023"]
[Source "ChessBase"]
[SourceDate "2022.10.05"]
[SourceVersion "1"]
[SourceVersionDate "2022.10.05"]
[SourceQuality "1"]

1. Nf3 c5 2. b3 Nf6 3. Bb2 g6 4. c4 Bg7 5. g3 b6 6. Bg2 Bb7 7. 0-0 0-0 8. Nc3 Ne4 9. Qc2 Nxc3 10. Bxc3 Bxc3 11. dxc3 d6 12. h4 Nd7 13. Rfe1 Qc7 14. Rad1 Rad8 15. e4 Ne5 16. Nh2 Bc8 17. f4 Ng4 18. Bf3 Nxh2 19. Qxh2 e5 20. Rd2 f5 21. h5 Qg7 22. h6 Qf6 23. exf5 Bxf5 24. Bd5+ Be6 25. Bxe6+ Qxe6 26. fxe5 dxe5 27. Rxd8 Rxd8 28. Qh4 Rd3 29. Rf1 Qd6 30. Qh3 Qd7 31. Qg2 Rd1 32. Qf3 Rxf1+ 33. Qxf1 Qg4 34. Qe1 e4 35. Qe3 Kf7 36. Kf2 Kf6 37. Kg2 Qf3+ 38. Qxf3+ exf3+ 39. Kxf3 Kg5 40. b4 Kxh6 41. bxc5 bxc5 42. Ke4 Kg5 43. Kd5 h5 44. Kxc5 h4 45. gxh4+ Kxh4 46. Kd6 1-0

[Event "Mutxamel IM 2nd"]
[Site "Mutxamel"]
[Date "2020.09.01"]
[Round "3"]
[White "Cano Gimenez, Vicente"]
[Black "Villar Reymundo, Juan Antonio"]
[Result "1/2-1/2"]
[WhiteElo "2281"]
[BlackElo "2164"]
[PlyCount "130"]
[EventDate "2020.08.31"]
[EventType "tourn"]
[EventRounds "9"]
[EventCountry "ESP"]
[SourceTitle "CBM 198 Extra"]
[Source "ChessBase"]
[SourceDate "2020.11.30"]
[SourceVersion "1"]
[SourceVersionDate "2020.11.30"]
[SourceQuality "1"]

1. Nf3 c5 2. g3 Nc6 3. c4 g6 4. Bg2 Bg7 5. Nc3 Nh6 6. d4 cxd4 7. Nxd4 Nxd4 8. Bxh6 Nf3+ 9. Bxf3 Bxh6 10. 0-0 0-0 11. Nd5 d6 12. Qd3 Be6 13. Rfd1 Rb8 14. b4 Bxd5 15. Bxd5 Qc7 16. e3 Rfc8 17. Rac1 Bg7 18. Kg2 Bf6 19. h4 Kg7 20. Bf3 Qb6 21. Qb3 h5 22. Rd5 Qc7 23. Rc2 Be5 24. Rdd2 Qb6 25. Rd5 Qc7 26. Rd1 Qb6 27. Rdc1 Qd8 28. c5 dxc5 29. bxc5 Rc7 30. a4 e6 31. Qb5 Bf6 32. Rb1 b6 33. c6 Rbc8 34. Rd1 Qe7 35. Rcd2 Qc5 36. Rd7 Be5 37. Qb3 Kf8 38. Kg1 Qc3 39. Qb1 Qc4 40. Qb5 Qc5 41. Be4 Kg7 42. Qb3 Kf8 43. R1d3 Qc1+ 44. Kg2 Qc5 45. Qd1 Kg7 46. Kg1 Bf6 47. Qb1 Kg8 48. Rd1 Bg7 49. Qd3 Qf8 50. Qb3 Qe8 51. R1d3 Bf6 52. Qb5 Qf8 53. Bf3 Qc5 54. Qb1 Qe5 55. Rd1 Qc5 56. Be4 Bg7 57. Rd8+ Rxd8 58. Rxd8+ Kh7 59. Qd1 Qe5 60. Qd3 Qc3 61. Qd1 Qa1 62. Qxa1 Bxa1 63. f4 Kg7 64. Rd7 Rxd7 65. cxd7 Bf6 1/2-1/2

[Event "Benidorm op U2300 18th"]
[Site "Benidorm"]
[Date "2019.12.05"]
[Round "8"]
[White "Garcia Trobat, Francisco"]
[Black "Cano Gimenez, Vicente"]
[Result "1/2-1/2"]
[WhiteElo "2244"]
[BlackElo "2256"]
[PlyCount "29"]
[EventDate "2019.11.29"]
[EventType "swiss"]
[EventRounds "10"]
[EventCountry "ESP"]
[SourceTitle "EXT 2022"]
[Source "ChessBase"]
[SourceDate "2021.10.06"]
[SourceVersion "1"]
[SourceVersionDate "2021.10.06"]
[SourceQuality "1"]

1. d4 d5 2. c4 c6 3. e3 Nf6 4. Nc3 a6 5. Bd2 g6 6. Nf3 Bg7 7. h3 0-0 8. Rc1 Nbd7 9. Bd3 dxc4 10. Bxc4 c5 11. 0-0 b5 12. Be2 cxd4 13. Nxd4 Bb7 14. Bf3 Qb6 15. Bxb7 1/2-1/2

[Event "Sueca op 3rd"]
[Site "Sueca"]
[Date "2017.07.29"]
[Round "7"]
[White "Cruz Lledo, Pablo"]
[Black "Cano Gimenez, Vicente"]
[Result "0-1"]
[WhiteElo "2448"]
[BlackElo "2285"]
[PlyCount "132"]
[EventDate "2017.07.24"]
[EventType "swiss"]
[EventRounds "8"]
[EventCountry "ESP"]
[SourceTitle "CBM 179 Extra"]
[Source "ChessBase"]
[SourceDate "2017.08.23"]
[SourceVersion "1"]
[SourceVersionDate "2017.08.23"]
[SourceQuality "1"]

1. d4 Nf6 2. Bg5 e6 3. e4 h6 4. Bxf6 Qxf6 5. c3 c5 6. e5 Qd8 7. Nf3 cxd4 8. cxd4 Nc6 9. Nc3 d6 10. Bb5 dxe5 11. Nxe5 Bd7 12. 0-0 Nxe5 13. dxe5 Bxb5 14. Nxb5 a6 15. Nc3 Qxd1 16. Rfxd1 Bb4 17. Ne4 Rc8 18. a3 Be7 19. Rd2 Rc7 20. Rad1 0-0 21. f4 Rc4 22. Re2 Rfc8 23. Kf2 Kf8 24. Rdd2 Ke8 25. g4 Rd8 26. Rxd8+ Kxd8 27. f5 exf5 28. gxf5 Rc1 29. f6 gxf6 30. exf6 Bf8 31. Rd2+ Kc8 32. Ke3 Rg1 33. Kf4 Kc7 34. Ke5 Rg4 35. h3 Rg1 36. Rd3 Rg2 37. b4 Rg1 38. Kf5 Rg2 39. h4 Rg1 40. Re3 Kd7 41. Rd3+ Kc7 42. Rb3 Rf1+ 43. Ke5 Rg1 44. Kf5 Kd7 45. a4 Rf1+ 46. Ke5 Rh1 47. b5 axb5 48. axb5 Rxh4 49. Rd3+ Kc7 50. Rc3+ Kb6 51. Nd6 Bxd6+ 52. Kxd6 Re4 53. Kd5 Re6 54. Rf3 Kxb5 55. Rb3+ Ka6 56. Ra3+ Kb6 57. Rf3 Kc7 58. Rf1 b6 59. Rf2 Rc6 60. Ke4 b5 61. Kf5 Rc5+ 62. Kf4 b4 63. Ke4 b3 64. Kd4 Rb5 65. Rb2 Kd6 66. Kc4 Rb8 0-1

[Event "Valencia-ch"]
[Site "Puerto de Sagunto"]
[Date "2017.04.23"]
[Round "3.4"]
[White "Cano Gimenez, Vicente"]
[Black "Galiana Fernandez, Adrian"]
[Result "0-1"]
[WhiteElo "2263"]
[BlackElo "2250"]
[PlyCount "82"]
[EventDate "2017.04.22"]
[EventType "tourn"]
[EventRounds "7"]
[EventCountry "ESP"]
[SourceTitle "EXT 2024"]
[Source "ChessBase"]
[SourceDate "2023.10.10"]
[SourceVersion "1"]
[SourceVersionDate "2023.10.10"]
[SourceQuality "1"]

1. Nf3 Nf6 2. g3 b5 3. Bg2 Bb7 4. Na3 a6 5. c4 e5 6. cxb5 Bxa3 7. bxa3 axb5 8. 0-0 d6 9. Rb1 Bc6 10. Qc2 0-0 11. Bb2 Bd5 12. Bc1 Qd7 13. Qb2 Nc6 14. d3 Rfb8 15. Bd2 b4 16. axb4 Rxa2 17. Qc1 Bxf3 18. exf3 Nd4 19. Qd1 Qb5 20. Be3 Nd5 21. Bxd4 exd4 22. Ra1 Nc3 23. Qb3 Qxb4 24. Qxb4 Rxb4 25. Rxa2 Nxa2 26. f4 Nc3 27. Bc6 Rb1 28. Rxb1 Nxb1 29. Kf1 Nc3 30. Ke1 Kf8 31. Kd2 d5 32. g4 Ke7 33. h4 f6 34. h5 h6 35. f3 Kd6 36. Be8 c5 37. Ke1 c4 38. Kd2 Kc5 39. Bd7 Na2 40. Bf5 Kb4 41. Kc2 c3 0-1

[Event "Benidorm op U2300 14th"]
[Site "Benidorm"]
[Date "2015.12.07"]
[Round "10"]
[White "Serra Pages, Jordi"]
[Black "Cano Gimenez, Vicente"]
[Result "1/2-1/2"]
[WhiteElo "2236"]
[BlackElo "2254"]
[PlyCount "32"]
[EventDate "2015.11.28"]
[EventType "swiss"]
[EventRounds "10"]
[EventCountry "ESP"]
[SourceTitle "CBM 169 Extra"]
[Source "ChessBase"]
[SourceDate "2015.12.18"]
[SourceVersion "1"]
[SourceVersionDate "2015.12.18"]
[SourceQuality "1"]

1. d4 Nf6 2. c4 c5 3. Nf3 g6 4. Nc3 cxd4 5. Nxd4 Nc6 6. e4 d6 7. Be2 Nxd4 8. Qxd4 Bg7 9. Be3 0-0 10. Qd2 Be6 11. f3 Qa5 12. Rc1 Rfc8 13. b3 a6 14. Na4 Qxd2+ 15. Kxd2 Nd7 16. Rc2 Rc6 1/2-1/2

[Event "Benidorm op U2300 14th"]
[Site "Benidorm"]
[Date "2015.11.30"]
[Round "3"]
[White "Vidal Zamora, Alex"]
[Black "Cano Gimenez, Vicente"]
[Result "0-1"]
[WhiteElo "2203"]
[BlackElo "2254"]
[PlyCount "78"]
[EventDate "2015.11.28"]
[EventType "swiss"]
[EventRounds "10"]
[EventCountry "ESP"]
[SourceTitle "CBM 169 Extra"]
[Source "ChessBase"]
[SourceDate "2015.12.18"]
[SourceVersion "1"]
[SourceVersionDate "2015.12.18"]
[SourceQuality "1"]

1. e4 c5 2. Nf3 Nc6 3. Bb5 g6 4. 0-0 Bg7 5. c3 Nf6 6. Re1 0-0 7. d4 cxd4 8. cxd4 d5 9. e5 Ne4 10. Nc3 Nxc3 11. bxc3 Qa5 12. Qb3 Bg4 13. Nd2 Be6 14. Bxc6 bxc6 15. Qb4 Qxb4 16. cxb4 Rfb8 17. Ba3 a5 18. bxa5 Rxa5 19. Bxe7 Bf8 20. Bxf8 Kxf8 21. Nb3 Ra4 22. f3 Bf5 23. g4 Bc8 24. Rec1 Rb6 25. Kf2 Ke7 26. Ke3 Ba6 27. Rc3 Ra3 28. Kd2 Bc4 29. Kc2 Bxb3+ 30. Kb2 Rxa2+ 31. Rxa2 Bxa2+ 32. Kxa2 Rb4 33. Rd3 g5 34. Rd1 Ke6 35. Ka3 Rc4 36. Kb3 c5 37. dxc5 Rxc5 38. Re1 d4 39. Re4 Kd5 0-1

[Event "Benidorm op U2300 14th"]
[Site "Benidorm"]
[Date "2015.11.29"]
[Round "2"]
[White "Cano Gimenez, Vicente"]
[Black "Ballesteros Gonzalez, David"]
[Result "1-0"]
[WhiteElo "2254"]
[BlackElo "2150"]
[PlyCount "119"]
[EventDate "2015.11.28"]
[EventType "swiss"]
[EventRounds "10"]
[EventCountry "ESP"]
[SourceTitle "CBM 169 Extra"]
[Source "ChessBase"]
[SourceDate "2015.12.18"]
[SourceVersion "1"]
[SourceVersionDate "2015.12.18"]
[SourceQuality "1"]

1. Nf3 Nf6 2. g3 c5 3. Bg2 d5 4. c4 d4 5. b4 cxb4 6. a3 bxa3 7. Bxa3 Nc6 8. 0-0 g6 9. d3 Bg7 10. Nbd2 0-0 11. Nb3 Re8 12. Nfd2 Rb8 13. Nc5 Nd7 14. Nde4 b6 15. Qa4 Qc7 16. Na6 Bxa6 17. Qxa6 h6 18. Rfb1 f5 19. Nd2 e5 20. Bd5+ Kh7 21. c5 Ne7 22. cxb6 Rxb6 23. Rxb6 axb6 24. Rc1 Nc5 25. Qc4 Nxd5 26. Qxd5 Rd8 27. Qc4 Bf8 28. Nb3 Rc8 29. Bxc5 Bxc5 30. Nxc5 bxc5 31. Qe6 Rb8 32. Ra1 Rb6 33. Qd5 Qb7 34. Qxc5 Rb1+ 35. Rxb1 Qxb1+ 36. Kg2 Qb7+ 37. f3 Qg7 38. Qd6 Kg8 39. Qe6+ Kh7 40. h4 h5 41. Kh3 Qc7 42. g4 fxg4+ 43. fxg4 Qc1 44. Qe7+ Kg8 45. Qe8+ Kh7 46. Qf7+ Kh8 47. Kg2 Qe1 48. Qe8+ Kh7 49. Qe7+ Kg8 50. Qxe5 hxg4 51. Qe6+ Kh7 52. Qxg4 Qc3 53. h5 Qc6+ 54. Kh2 Qd6+ 55. Kh3 gxh5 56. Qxh5+ Kg7 57. Qf3 Kh6 58. Qe4 Kg7 59. Kg2 Kf7 60. Kf3 1-0

[Event "Benidorm op U2300 14th"]
[Site "Benidorm"]
[Date "2015.11.28"]
[Round "1"]
[White "Mataix Arbona, Cesar"]
[Black "Cano Gimenez, Vicente"]
[Result "0-1"]
[WhiteElo "2085"]
[BlackElo "2254"]
[PlyCount "104"]
[EventDate "2015.11.28"]
[EventType "swiss"]
[EventRounds "10"]
[EventCountry "ESP"]
[SourceTitle "CBM 169 Extra"]
[Source "ChessBase"]
[SourceDate "2015.12.18"]
[SourceVersion "1"]
[SourceVersionDate "2015.12.18"]
[SourceQuality "1"]

1. d4 g6 2. Nf3 Bg7 3. Bf4 Nf6 4. e3 c5 5. c3 b6 6. Bd3 Bb7 7. Nbd2 0-0 8. 0-0 d6 9. Qe2 Nc6 10. a4 Re8 11. Bg5 h6 12. Bh4 Qc7 13. Ne4 Nxe4 14. Bxe4 e5 15. dxe5 dxe5 16. Qc2 f5 17. Bd5+ Kh8 18. Rad1 Na5 19. Bg3 f4 20. Nh4 Bxd5 21. Nxg6+ Kg8 22. Rxd5 fxg3 23. hxg3 Rad8 24. Rfd1 Nc6 25. e4 Ne7 26. Nxe7+ Qxe7 27. Qd3 Rxd5 28. Qxd5+ Qf7 29. Qc6 Bf8 30. Rd7 Re7 31. Rxe7 Qxe7 32. Qg6+ Kh8 33. f4 Qg7 34. Qe8 Qf6 35. fxe5 Qe7 36. Qc8 Kg7 37. Qf5 Qf7 38. g4 Be7 39. Kf2 c4 40. Kf3 Bg5 41. e6 Qf6 42. e5 Qe7 43. Ke4 Qc7 44. Kd5 Qc5+ 45. Ke4 Qe7 46. Kd5 Qc7 47. Ke4 a6 48. Qf2 Qc6+ 49. Kf5 Qd5 50. e7 Kf7 51. e8Q+ Kxe8 52. Qxb6 Qd3+ 0-1

[Event "La Vila Region-ch"]
[Site "La Vila"]
[Date "2015.10.31"]
[Round "4.6"]
[White "Cano Gimenez, Vicente"]
[Black "Gomez Sanjuan, Hector Fernando"]
[Result "0-1"]
[WhiteElo "2254"]
[BlackElo "1909"]
[PlyCount "45"]
[EventDate "2015.10.03"]
[EventType "swiss"]
[EventRounds "7"]
[EventCountry "ESP"]
[SourceTitle "EXT 2024"]
[Source "ChessBase"]
[SourceDate "2023.10.10"]
[SourceVersion "1"]
[SourceVersionDate "2023.10.10"]
[SourceQuality "1"]

1. d4 Nf6 2. Nf3 c5 3. c4 cxd4 4. Nxd4 Nc6 5. Nc3 d6 6. e4 g6 7. Be2 Bg7 8. Be3 0-0 9. 0-0 Bd7 10. Qd2 Nxd4 11. Bxd4 Bc6 12. f3 a5 13. Rab1 a4 14. b4 axb3 15. axb3 Nd7 16. Be3 Nc5 17. Rfc1 Ra3 18. Bd1 Ne6 19. b4 b6 20. Be2 Qb8 21. Kh1 Rc8 22. b5 Ba8 23. Ra1 0-1

[Event "La Roda op 42nd"]
[Site "La Roda"]
[Date "2015.04.05"]
[Round "9"]
[White "Ramiro Ovejero, Juan Luis"]
[Black "Cano Gimenez, Vicente"]
[Result "1/2-1/2"]
[WhiteElo "2345"]
[BlackElo "2258"]
[PlyCount "74"]
[EventDate "2015.04.01"]
[EventType "swiss"]
[EventRounds "9"]
[EventCountry "ESP"]
[SourceTitle "CBM 165 Extra"]
[Source "ChessBase"]
[SourceDate "2015.04.21"]
[SourceVersion "1"]
[SourceVersionDate "2015.04.21"]
[SourceQuality "1"]

1. e4 c5 2. Nf3 g6 3. c3 Bg7 4. d4 cxd4 5. cxd4 d5 6. e5 Bg4 7. Bb5+ Nc6 8. Bxc6+ bxc6 9. Nbd2 Qb6 10. 0-0 Nh6 11. h3 Bxf3 12. Nxf3 0-0 13. Bf4 f6 14. Qd2 Nf7 15. Rfe1 a5 16. Rac1 fxe5 17. Nxe5 Nxe5 18. Bxe5 Bxe5 19. Rxe5 Ra7 20. h4 Rf6 21. Rce1 Qb4 22. R1e2 Qxd2 23. Rxd2 Rb7 24. g3 Kf7 25. f4 Re6 26. Kf2 Rxe5 27. fxe5 Rb4 28. Ke3 Ke6 29. Rc2 Kd7 30. Kd3 Rb8 31. Rf2 Ke6 32. b3 Ra8 33. a3 Rc8 34. Rc2 Kd7 35. Rf2 Ke6 36. Rc2 Kd7 37. Rf2 Ke6 1/2-1/2